[Event "POL-chT 2nd League"]
[Site "Wysowa"]
[Date "2003.09.10"]
[Round "7"]
[White "Kazek, Krzysztof"]
[Black "Wisniewski, Adrian"]
[Result "0-1"]
[WhiteElo "2215"]
[BlackElo "2327"]
[PlyCount "70"]
[EventDate "2003.09.06"]
[EventType "team-swiss"]
[EventRounds "11"]
[EventCountry "POL"]
[SourceTitle "CBM 096 Extra"]
[Source "ChessBase"]
[SourceDate "2003.10.22"]
[SourceVersion "2"]
[SourceVersionDate "2003.10.20"]
[SourceQuality "1"]
[WhiteTeam "Bytom Szombierki"]
[BlackTeam "Gliwice Politechnika Slaska"]
[WhiteTeamCountry "POL"]
[BlackTeamCountry "POL"]

1. Nf3 Nf6 2. c4 g6 3. Nc3 Bg7 4. e4 d6 5. d4 0-0 6. Be2 e5 7. 0-0 Nc6 8. d5 Ne7 9. Nd2 Nd7 10. b4 a5 11. bxa5 Rxa5 12. Nb3 Ra8 13. Be3 f5 14. f3 Nf6 15. c5 Kh8 16. Nd2 Neg8 17. Nc4 Bh6 18. Bf2 Ne8 19. cxd6 cxd6 20. Qb3 Ngf6 21. Nb6 Rb8 22. h3 Nh5 23. Rfd1 Nf4 24. Bf1 fxe4 25. Nxe4 Bf5 26. Ng3 Qg5 27. Nc4 Bg7 28. Rac1 h5 29. Kh2 h4 30. Nxf5 gxf5 31. Ne3 Nf6 32. Rc7 N6h5 33. Rxb7 Rxb7 34. Qxb7 e4 35. fxe4 Be5 0-1

[Event "POL-chT 2nd League"]
[Site "Wysowa"]
[Date "2003.09.06"]
[Round "1"]
[White "Wisniewski, Adrian"]
[Black "Cajbel, Maciej"]
[Result "1-0"]
[WhiteElo "2327"]
[BlackElo "2222"]
[PlyCount "49"]
[EventDate "2003.09.06"]
[EventType "team-swiss"]
[EventRounds "11"]
[EventCountry "POL"]
[SourceTitle "CBM 096 Extra"]
[Source "ChessBase"]
[SourceDate "2003.10.22"]
[SourceVersion "2"]
[SourceVersionDate "2003.10.20"]
[SourceQuality "1"]
[WhiteTeam "Gliwice Politechnika Slaska"]
[BlackTeam "Wroclaw Srodmiescie"]
[WhiteTeamCountry "POL"]
[BlackTeamCountry "POL"]

1. e4 c5 2. Nf3 g6 3. c3 d5 4. exd5 Qxd5 5. d4 Bg7 6. h3 cxd4 7. cxd4 Nh6 8. Nc3 Qd8 9. Bc4 0-0 10. 0-0 Nf5 11. Re1 Qc7 12. Bb3 Nc6 13. Nd5 Qd8 14. Bf4 e6 15. Nc7 Rb8 16. d5 e5 17. dxc6 Qxd1 18. Raxd1 exf4 19. Re8 Rxe8 20. Nxe8 Kf8 21. c7 Ra8 22. Rd8 Ke7 23. Bc2 Bxb2 24. Bxf5 gxf5 25. Nd6 1-0

[Event "Pobeskydy Arcimpex 14th"]
[Site "Frydek Mistek"]
[Date "2003.04.18"]
[Round "3"]
[White "Talla, Vladimir"]
[Black "Wisniewski, Adrian"]
[Result "1-0"]
[WhiteElo "2360"]
[BlackElo "2350"]
[PlyCount "67"]
[EventDate "2003.04.17"]
[EventType "tourn"]
[EventRounds "9"]
[EventCountry "CZE"]
[EventCategory "3"]
[SourceTitle "EXT 2006"]
[Source "ChessBase"]
[SourceDate "2005.11.24"]
[SourceVersion "1"]
[SourceVersionDate "2005.11.24"]
[SourceQuality "1"]

1. e4 d6 2. d4 Nf6 3. Nc3 e5 4. Nf3 Nbd7 5. Bc4 Be7 6. 0-0 c6 7. a4 0-0 8. Re1 Qc7 9. a5 h6 10. h3 Re8 11. Ba2 Nf8 12. Be3 Be6 13. Bxe6 Nxe6 14. d5 Nf8 15. Qd3 Rec8 16. Nd2 c5 17. Nc4 Ng6 18. g3 Qd7 19. Kh2 Nh7 20. Bd2 Bg5 21. Ne3 Rab8 22. Nf5 Bxd2 23. Qxd2 Ne7 24. Nxe7+ Qxe7 25. f4 exf4 26. gxf4 b5 27. e5 b4 28. Ne4 dxe5 29. d6 Qd7 30. fxe5 Nf8 31. Rg1 Qf5 32. Nf6+ Kh8 33. Qxh6+ Qh7 34. Rxg7 1-0